|
|
|
|
| LEADER |
01530nam a22004215i 4500 |
| 001 |
978-3-642-10895-2 |
| 003 |
DE-He213 |
| 005 |
20151031091136.0 |
| 007 |
cr nn 008mamaa |
| 008 |
110614s2011 gw | s |||| 0|eng d |
| 020 |
|
|
|a 9783642108952
|9 978-3-642-10895-2
|
| 024 |
7 |
|
|a 10.1007/978-3-642-10895-2
|2 doi
|
| 040 |
|
|
|d GrThAP
|
| 050 |
|
4 |
|a QA641-670
|
| 072 |
|
7 |
|a PBMP
|2 bicssc
|
| 072 |
|
7 |
|a MAT012030
|2 bisacsh
|
| 082 |
0 |
4 |
|a 516.36
|2 23
|
| 245 |
1 |
0 |
|a Problemi di geometria differenziale in grande
|h [electronic resource] /
|c edited by E. Bompiani.
|
| 264 |
|
1 |
|a Berlin, Heidelberg :
|b Springer Berlin Heidelberg,
|c 2011.
|
| 300 |
|
|
|a 72 p. 8 illus.
|b online resource.
|
| 336 |
|
|
|a text
|b txt
|2 rdacontent
|
| 337 |
|
|
|a computer
|b c
|2 rdamedia
|
| 338 |
|
|
|a online resource
|b cr
|2 rdacarrier
|
| 347 |
|
|
|a text file
|b PDF
|2 rda
|
| 490 |
1 |
|
|a C.I.M.E. Summer Schools ;
|v 16
|
| 520 |
|
|
|a Lectures: C.B. Allendörfer: Global differential geometry of imbedded manifolds.- Seminars: P. Libermann: Pseudo-groupes infitésimaux.
|
| 650 |
|
0 |
|a Mathematics.
|
| 650 |
|
0 |
|a Differential geometry.
|
| 650 |
1 |
4 |
|a Mathematics.
|
| 650 |
2 |
4 |
|a Differential Geometry.
|
| 700 |
1 |
|
|a Bompiani, E.
|e editor.
|
| 710 |
2 |
|
|a SpringerLink (Online service)
|
| 773 |
0 |
|
|t Springer eBooks
|
| 776 |
0 |
8 |
|i Printed edition:
|z 9783642108945
|
| 830 |
|
0 |
|a C.I.M.E. Summer Schools ;
|v 16
|
| 856 |
4 |
0 |
|u http://dx.doi.org/10.1007/978-3-642-10895-2
|z Full Text via HEAL-Link
|
| 912 |
|
|
|a ZDB-2-SMA
|
| 950 |
|
|
|a Mathematics and Statistics (Springer-11649)
|